Demotische texte auf krügen /

محفوظ في:

المؤلف الرئيسي: Spiegelberg, Wilhelm, 1870-1930 (مؤلف)

التنسيق: كتاب

اللغة: German

سلاسل: Demotische Studien ; 5/2.
DemStud ; 5/2.

الموضوعات:

الوسوم: إضافة وسم

لا توجد وسوم, كن أول من يضع وسما على هذه التسجيلة!

رقم الطلب: (O.S.)PJ1801 .S75 v.5 Atlas

LEADER 01195namaa2200289 4500
001 17093
003 OSt
005 20210807085735.0
008 130303s1912 gw f g 000 0 ger d
952 |0 0  |1 0  |2 lcc  |3 V.5 Atlas  |4 0  |7 1  |9 17486  |a ARCE  |b ARCE  |d 2021-08-07  |l 0  |o (O.S.)PJ1801 .S75 v.5 Atlas  |p 1017565  |r 2021-08-07 00:00:00  |w 2021-08-07  |y BK 
952 |0 0  |1 0  |2 lcc  |3 V.5/1  |4 0  |7 1  |9 62554  |a ARCE  |b ARCE  |d 2024-02-21  |l 0  |o (O.S.)PJ1801 .S75 v.5 Atlas  |p 1025852  |r 2024-02-21 00:00:00  |w 2024-02-21  |y BK 
999 |c 14352  |d 14352 
010 |a 13011573 
040 |c ARCE Library 
050 0 4 |a (O.S.)PJ1801 .S75 v.5 Atlas 
100 1 |a Spiegelberg, Wilhelm,  |d 1870-1930,  |e author  |9 40368 
245 1 0 |a Demotische texte auf krügen /  |c hrsg. und erklärt von Wilhelm Spiegelberg. Mit einer lichtdruck- und acht steindrucktafeln in besonderem folio-umschlag. 
264 1 |a Liepzig :  |b J. C. Hinrichs,  |c 1912. 
300 |a atlas (9 plates (part folded) ) ;  |c 50 cm. 
490 1 |a Demotische Studien ;   |v 5/2. 
490 1 |a DemStud ;   |v 5/2. 
500 |a Partly autographed. 
650 0 |a Egyptian language  |x Ostraka. 
830 0 |a Demotische Studien ;   |v 5/2. 
830 0 |a DemStud ;   |v 5/2. 
901 |a reviewed 
942 |c BK  |2 lcc